[Event "Troisdorf op"]
[Site "Troisdorf"]
[Date "2013.11.12"]
[Round "4"]
[White "Raabe, Joachim"]
[Black "Athanassiou, Dimitrios"]
[Result "0-1"]
[WhiteElo "2008"]
[BlackElo "1719"]
[PlyCount "142"]
[EventDate "2013.10.22"]
[EventType "swiss"]
[EventRounds "7"]
[EventCountry "GER"]
[SourceTitle "EXT 2016"]
[Source "ChessBase"]
[SourceDate "2015.10.08"]
[SourceVersion "1"]
[SourceVersionDate "2015.10.08"]
[SourceQuality "1"]

1. e4 d6 2. Nc3 g6 3. Bc4 Bg7 4. f4 a6 5. a4 c5 6. Nf3 Nc6 7. 0-0 e6 8. d3 Nge7 9. Qe1 Na5 10. Bd2 Nxc4 11. dxc4 Nc6 12. Nd1 0-0 13. Ra3 Bd7 14. Rd3 Qc7 15. Bc3 Nd4 16. Bxd4 cxd4 17. b3 e5 18. fxe5 dxe5 19. Qh4 f6 20. g4 b5 21. axb5 axb5 22. Nd2 Qc5 23. Nf2 Be6 24. Rh3 h6 25. Nd3 Qc8 26. Rhf3 g5 27. Qg3 Bxg4 28. Rf5 Bh5 29. h4 Ra2 30. Nb4 Rb2 31. Nd5 Qc5 32. Qd3 Bg6 33. b4 Rxb4 34. Nxb4 Bxf5 35. Rxf5 Qxb4 36. cxb5 Rc8 37. Qb3+ Qxb3 38. Nxb3 Rb8 39. Kf2 Rxb5 40. Nxd4 Rb2 41. Ne2 Rxc2 42. Kf3 Kf7 43. Ke3 Rb2 44. Kd3 Bf8 45. Nc3 g4 46. h5 Rh2 47. Nd5 Be7 48. Nxe7 Kxe7 49. Ke3 g3 50. Rf3 Rh3 51. Rf5 Rh4 52. Rf3 Rg4 53. Rf1 g2 54. Rg1 Kd6 55. Kf3 Rg5 56. Rd1+ Kc5 57. Rc1+ Kd4 58. Rd1+ Kc3 59. Rg1 Kd2 60. Kf2 f5 61. exf5 Rxf5+ 62. Kg3 Rg5+ 63. Kf3 Rf5+ 64. Ke4 Rg5 65. Kf3 e4+ 66. Kxe4 Ke2 67. Kf4 Kf2 68. Ra1 g1Q 69. Ra2+ Ke1 70. Ra1+ Kd2 71. Rxg1 Rxg1 0-1

[Event "Troisdorf op"]
[Site "Troisdorf"]
[Date "2013.11.05"]
[Round "3"]
[White "Athanassiou, Dimitrios"]
[Black "Schilcher, Adrian"]
[Result "1-0"]
[WhiteElo "1719"]
[BlackElo "1875"]
[PlyCount "51"]
[EventDate "2013.10.22"]
[EventType "swiss"]
[EventRounds "7"]
[EventCountry "GER"]
[SourceTitle "EXT 2016"]
[Source "ChessBase"]
[SourceDate "2015.10.08"]
[SourceVersion "1"]
[SourceVersionDate "2015.10.08"]
[SourceQuality "1"]

1. Nf3 c5 2. g3 Nc6 3. Bg2 Nf6 4. d3 g6 5. 0-0 Bg7 6. e4 d6 7. h3 0-0 8. c3 e5 9. Be3 Be6 10. Na3 Nh5 11. Ng5 Bd7 12. Qd2 f6 13. Nf3 f5 14. Bg5 Bf6 15. Nc4 Qe7 16. Bh6 Bg7 17. Bxg7 Kxg7 18. Ne3 Nf6 19. exf5 Nh5 20. Nd5 Qf7 21. Ng5 Qg8 22. Nc7 gxf5 23. Bd5 Qh8 24. Nge6+ Bxe6 25. Qg5+ Kf7 26. Bxe6# 1-0

[Event "Troisdorf op"]
[Site "Troisdorf"]
[Date "1998.11.03"]
[Round "3"]
[White "Riegel, Berthold"]
[Black "Athanassiou, Dimitrios"]
[Result "1-0"]
[WhiteElo "1951"]
[BlackElo "1697"]
[PlyCount "123"]
[EventDate "1998.10.20"]
[EventType "swiss"]
[EventRounds "7"]
[EventCountry "GER"]
[SourceTitle "EXT 2002"]
[Source "ChessBase"]
[SourceDate "2001.11.25"]
[SourceVersion "1"]
[SourceVersionDate "2001.11.25"]
[SourceQuality "1"]

1. Nf3 Nf6 2. c4 g6 3. Nc3 Bg7 4. d4 d6 5. Bg5 Nbd7 6. h3 h6 7. Bh4 c5 8. e3 g5 9. Bg3 Nh5 10. Bh2 Qb6 11. Qd2 Nhf6 12. Be2 a6 13. 0-0 Qc7 14. Rfd1 b6 15. d5 Nf8 16. e4 g4 17. hxg4 Nxg4 18. Bg3 Ng6 19. a4 N4e5 20. Nxe5 Nxe5 21. Ra3 h5 22. Rda1 h4 23. Bxe5 Bxe5 24. f4 Bd4+ 25. Kh2 f5 26. Bd3 e5 27. Ne2 Bf2 28. Rf1 Bg3+ 29. Nxg3 hxg3+ 30. Kxg3 Qh7 31. exf5 Qh4+ 32. Kf3 Rg8 33. Qf2 Qxf4+ 34. Ke2 Qg4+ 35. Qf3 Qxg2+ 36. Qxg2 Rxg2+ 37. Rf2 Rxf2+ 38. Kxf2 Ke7 39. Rb3 Rb8 40. a5 b5 41. cxb5 axb5 42. Rxb5 Rxb5 43. Bxb5 Bb7 44. Bc6 Ba6 45. Ke3 Kf6 46. Ke4 Bc8 47. Bb5 Bxf5+ 48. Ke3 Bc8 49. a6 Bxa6 50. Bxa6 Ke7 51. Ke4 Kf6 52. Bc8 Ke7 53. Kf5 Kf7 54. Ba6 Ke7 55. Be2 Kf7 56. Bh5+ Ke7 57. Bg6 Kd7 58. Kf6 Kd8 59. Ke6 Kc7 60. Bd3 c4 61. Bxc4 e4 62. Be2 1-0